"The" Bands - Statistics

General Stats
  • This quiz has been taken 501 times
    488 since last reset
  • The average score is 12 of 20
Answer Stats
Song Answer % Correct
Yellow Submarine The Beatles
99%
Paint It, Black The Rolling Stones
88%
Zombie The Cranberries
82%
Surfin’ U.S.A. The Beach Boys
81%
Roxanne The Police
81%
Seven Nation Army The White Stripes
77%
Mr. Brightside The Killers
75%
Baba O'Riley The Who
69%
Rock the Casbah The Clash
68%
Boys Don't Cry The Cure
64%
People Are Strange The Doors
61%
Blitzkrieg Bop The Ramones
61%
You Really Got Me The Kinks
59%
Bigmouth Strikes Again The Smiths
54%
Last Nite The Strokes
49%
I Want You Back The Jackson 5
42%
My Girl The Temptations
37%
Mr Tambourine Man The Byrds
30%
You Can't Hurry Love The Supremes
25%
Pale Blue Eyes The Velvet Underground
23%
No matching quizzes found
Score Distribution
Percent of People with Each Score
Percentile by Number Answered
Your Score History
You have not taken this quiz since the last reset